000 00462nam a2200181Ia 4500
001 24645
005 20260414151057.0
008 260414t2010||||xx |||||||||||||| ||spa||
041 _aESP
082 _a345.721
_bC78
100 _aCordón Moreno, Faustino
_eAUT
245 0 _aArbitraje y jurisdicción :
_balgunas cuestiones polémicas
260 _c2010
300 _a289 páginas :
_c18 cm.
650 _aDER
654 _aCDE
942 _cLIB
_dJUS
_fJUS
_2ddc
_n
999 _c24645
_d24645